000 00954nac a22002411u 4500
010 _a 2005938056
020 _a0324423500 (international student ed. : hbk.)
082 0 0 _a330
_bMAN
090 _c8858
_d8858
100 _aMankiw, N. Gregory.
245 1 0 _aPrinciples of economics /
_cN. Gregory Mankiw.
246 3 0 _aEconomics
250 _a4th ed.
260 _aMason, OH :
_bThomson/South-Western,2007
_cc2007.
300 _axl, 896 p. :
_bcol. ill. ;
_c27 cm.
500 _adistributer: Baccah
504 _aIncludes bibliographical references and index.
511 _acatalogued by: wessam
650 0 _aEconomics.
942 _cBB
_k330MAN
999 _c8858
_d8858